Werder Bremen Kader - Rückennummern - Statistiken

Allgemein
  • Dieses Quiz wurde 213 mal gespielt
  • Das Durchschnittsergebnis liegt bei 14 aus 24
Antwortstatistiken
Hint Antwort % Korrekt
Füllkrug 11
88%
Bittencourt 10
86%
Ducksch 7
84%
Pavlenka 1
81%
Stark 4
73%
Pieper 5
73%
Jung 3
72%
Stage 6
72%
Weiser 8
72%
Agu 27
67%
Groß 36
66%
Schmid 20
64%
Friedl 32
64%
Veljkovic 13
58%
Schmidt 22
51%
Philipp 17
49%
Zetterer 30
49%
Gruev 28
39%
Buchanan 26
37%
Mbom 34
37%
Backhaus 37
29%
Dinkci 21
28%
Salifou 19
27%
Chiarodia 39
27%
Keine übereinstimmenden Quizze gefunden
Verteilung der Resultate
Anzahl Personen mit jedem Resultat
Perzentil nach korrekt beantworteten Fragen
Ihre Resultats-Entwicklung
Sie haben dieses Quiz noch nicht gespielt